000 00831nam a2200241Ia 4500
003 OSt
005 20220918201510.0
006 a|||||r|||| 00| 0
007 ta
008 220917b |||||||| |||| 00| 0 eng d
024 _a94,384
037 _cTextual
040 _aARTS
_cARTS
_beng
041 _2eng
_aeng
082 _aV1N45:1:N62<-N61, K3 (=)
110 _aDelegation of India on the Sixteenth Refular Session. the first and teh second Resumed Session of The United natiosn General assembly
_999094
245 0 _aReport
260 _c1969
650 _aHISTORY
700 _aDelegation of India on the Sixteenth Refular Session. the first and teh second Resumed Session of The United natiosn General assembly
_999095
942 _hV1N45:1:N62<-N61, K3 (=)
_cTEXL
_2CC
999 _c218009
_d218009